01199nam a2200301Ia 450000500170000000800410001702000180005804100080007610000170008424501470010125000180024830000500026650000920031660000950040865000380050365000380054165000360057970000390061570000470065494200150070126400320071633600270074833700330077533800280080804000350083608400110087199900150088220220317001906.0170410s2007 a a g 000 j s  a9789871296309 aspa1 aNam, Seok-Ki14aLos músicos de BremencJacob y Wilhem Grimm ; adaptado por Nam Seok-Ki ; ilustrado por Jeon Byung-Jun ; traducido por Ana María Caballenas a1a. edición a[34] páginasbilustraciones en colorc30 cm aIncluye guía para padres y datos biográficos de los autores, adaptador e ilustrador14aGrimm, Jacob Ludwig KarlcLos Musicos De Bremend1785-1863vAdaptaciones Literarias978746142LEMBaCuentos infantiles coreanos142LEMBaLiteratura infantil coreana142LEMBaAnimales en la literatura1 aJeon, Byung-Juneilustrador9787481 aCaballenas, Ana Maríaetraductora978749 2loccBKLIT aBuenos AiresbUnalunac2007 atextobtxt2rdacontent asin mediaciónbn2rdamedia avolumenbnc2rdacarrier aCO-BoRNBPbspaerdacCO-BoRNBP aC NAM1 c8446d8446